| 000 | 00802nam a22002057a 4500 | ||
|---|---|---|---|
| 999 |
_c12612 _d12612 |
||
| 003 | AR-CdUCM | ||
| 008 | 190409b ||||| |||| 00| 0 spa d | ||
| 040 |
_aMUNICIPALIDAD PROVINCIAL DEL CUSCO _cBIBLIOTECA MUNICIPAL DEL CUSCO |
||
| 082 |
_a146 / _bT82 / 1938 |
||
| 100 |
_aTroise, Emilio _930538 |
||
| 245 |
_aMaterialismo dialéctico : _b(Concepción materialista de la historia) |
||
| 260 |
_aBuenos Aires : _bLa facultad, _c1938. |
||
| 300 |
_a357 páginas ; _c21 cm. |
||
| 505 | _aContenido : Advertencia -- Las condiciones fisiopsicologicas del conocimiento -- Sistemas filosóficos -- Materialismo dialéctico y materialismo mecanicista ... | ||
| 650 |
_aMaterialismo _95459 |
||
| 650 |
_aDialéctico _920970 |
||
| 650 |
_aHistoria _9136 |
||
| 942 |
_2ddc _cLIBROS |
||
| 945 |
_arah _d09/04/2019 |
||